Dalīl Matḥaf al-Āthār al-Urdunī fī ʻAmmān /

محفوظ في:

المؤلف الرئيسي: Matḥaf ʻAmmān.

مؤلف مشترك: Jordan. Dāʼirat al-Āthār al-ʻĀmmah.

مؤلفون آخرون: Tawfīq, Naẓmīyah Riḍā.

التنسيق: كتاب

اللغة: Arabic

منشور في: [Amman] : Dāʾirat al-Āthār al-ʻĀmmah, 1975.

الموضوعات:

الوسوم: إضافة وسم

لا توجد وسوم, كن أول من يضع وسما على هذه التسجيلة!

رقم الطلب: DS153.3 .D26 1975

LEADER 00866nam a2200241Ia 4500
003 OSt
005 20241104114605.0
008 231106s1975 jo a bc f000 0 arard
999 |c 54933  |d 54933 
040 |c ARCE Library 
050 4 |a DS153.3 .D26 1975 
100 1 |a Matḥaf ʻAmmān.  
245 1 0 |a Dalīl Matḥaf al-Āthār al-Urdunī fī ʻAmmān /   |c iʻdād Naẓmīyah Riḍā Tawfīq. 
264 1 |a [Amman] :   |b Dāʾirat al-Āthār al-ʻĀmmah,   |c 1975. 
300 |a 82 p. :   |b ill. ;   |c 24 cm. 
504 |a Includes bibliographical references. 
610 2 0 |a Matḥaf ʻAmmān -- Catalogs. 
650 0 |a Archaeological museums and collections -- Jordan -- Amman -- Catalogs. 
651 0 |a Jordan -- Antiquities -- Catalogs. 
700 1 |a Tawfīq, Naẓmīyah Riḍā. 
710 1 |a Jordan.   |b Dāʼirat al-Āthār al-ʻĀmmah. 
901 |a reviewed 
942 |2 lcc  |c BK